[Event "Pfalz op-B 10th"]
[Site "Neustadt an der Weinstrasse"]
[Date "2019.03.03"]
[Round "5"]
[White "Gaul, Alexander"]
[Black "Werner, Tom"]
[Result "1-0"]
[WhiteElo "1846"]
[BlackElo "1762"]
[PlyCount "49"]
[EventDate "2019.03.01"]
[EventType "swiss"]
[EventRounds "7"]
[EventCountry "GER"]
[SourceTitle "CBM 189 Extra"]
[Source "ChessBase"]
[SourceDate "2019.06.03"]
[SourceVersion "1"]
[SourceVersionDate "2019.06.03"]
[SourceQuality "1"]

1. e4 e6 2. d4 d5 3. Bd3 Nf6 4. e5 Nfd7 5. c3 c5 6. Nf3 Nc6 7. 0-0 cxd4 8. cxd4 Bb4 9. Nc3 Qb6 10. a3 Be7 11. Bc2 a6 12. Na4 Qa7 13. Be3 b5 14. Nc3 Nb6 15. Nd2 b4 16. axb4 Bxb4 17. f4 Bd7 18. Rf3 Ne7 19. Bd3 Qb7 20. g4 f5 21. exf6 gxf6 22. f5 exf5 23. gxf5 Bd6 24. Qe2 a5 25. Re1 1-0

[Event "Mittelrhein Regionalliga 15/16"]
[Site "Nordrheinwestfalen"]
[Date "2016.01.31"]
[Round "6.8"]
[White "Gaul, Alexander"]
[Black "Schniggenberg, Gerd"]
[Result "1-0"]
[WhiteElo "1895"]
[BlackElo "1931"]
[PlyCount "101"]
[EventDate "2015.09.27"]
[EventType "team-tourn"]
[EventRounds "9"]
[EventCountry "GER"]
[SourceTitle "EXT 2022"]
[Source "ChessBase"]
[SourceDate "2021.10.06"]
[SourceVersion "1"]
[SourceVersionDate "2021.10.06"]
[SourceQuality "1"]
[WhiteTeam "Bruehl"]
[BlackTeam "Godesberg III"]
[WhiteTeamCountry "GER"]
[BlackTeamCountry "GER"]

1. e4 e6 2. d4 d5 3. Bd3 dxe4 4. Bxe4 Nf6 5. Bd3 c5 6. c3 Nc6 7. Nf3 Bd7 8. 0-0 Be7 9. Re1 0-0 10. Be3 Nd5 11. c4 Nxe3 12. fxe3 f5 13. a3 Qb6 14. d5 Nd8 15. Qc2 Bf6 16. Nc3 g6 17. e4 fxe4 18. Bxe4 Kg7 19. Rab1 Nf7 20. dxe6 Bxe6 21. Bxb7 Rae8 22. Bd5 Bf5 23. Be4 Rxe4 24. Nxe4 Nd6 25. Nfd2 Re8 26. Re2 Qc6 27. Rbe1 Bd4+ 28. Kh1 a5 29. Qd3 Bg4 30. Nf3 Nxe4 31. Rxe4 Rxe4 32. Qxe4 Qxe4 33. Rxe4 Bxf3 34. gxf3 Bxb2 35. a4 Kf6 36. Kg2 Kf5 37. Kf2 h5 38. Kg3 Be5+ 39. Kg2 Bd4 40. h3 Bc3 41. Kf2 Be5 42. Ke3 g5 43. Kf2 Bf4 44. Re8 Bd2 45. Ke2 Bb4 46. Ke3 Ba3 47. Ra8 Bb4 48. Rf8+ Ke5 49. Rh8 h4 50. Rh5 Kf5 51. f4 1-0

[Event "Dortmund op"]
[Site "Dortmund"]
[Date "2009.07.07"]
[Round "4"]
[White "Gaul, Alexander"]
[Black "Maniocha, Marek"]
[Result "0-1"]
[WhiteElo "1780"]
[BlackElo "2067"]
[PlyCount "81"]
[EventDate "2009.07.04"]
[EventType "swiss"]
[EventRounds "9"]
[EventCountry "GER"]
[SourceTitle "CBM 131 Extra"]
[Source "ChessBase"]
[SourceDate "2009.09.03"]
[SourceVersion "2"]
[SourceVersionDate "2009.09.16"]
[SourceQuality "1"]

1. e4 g6 2. d4 Bg7 3. c4 d6 4. Nc3 Nd7 5. Nf3 c5 6. d5 Ne5 7. Be2 Nxf3+ 8. Bxf3 Bd7 9. 0-0 h5 10. Rb1 Nh6 11. Re1 f6 12. Bxh6 Bxh6 13. b4 b6 14. g3 Rc8 15. Be2 Kf7 16. f4 h4 17. Rf1 hxg3 18. hxg3 Qc7 19. b5 f5 20. Rb3 Bg7 21. exf5 Bd4+ 22. Kg2 gxf5 23. Bh5+ Kf6 24. g4 e5 25. fxe5+ Bxe5 26. Ne4+ Ke7 27. gxf5 Rcg8+ 28. Ng3 Rg5 29. Bg6 Be8 30. Qd2 Kf6 31. Rff3 Qg7 32. Kf1 Rg4 33. Bxe8 Bxg3 34. Rxg3 Rxe8 35. Qg2 Ree4 36. Rbe3 Ref4+ 37. Kg1 Kxf5 38. Ref3 Rxg3 39. Rxg3 Qxg3 40. Qxg3 Rg4 41. Qxg4+ 0-1

[Event "Dortmund op"]
[Site "Dortmund"]
[Date "2009.07.05"]
[Round "2"]
[White "Kartsev, Alexandr"]
[Black "Gaul, Alexander"]
[Result "1-0"]
[WhiteElo "2067"]
[BlackElo "1780"]
[PlyCount "75"]
[EventDate "2009.07.04"]
[EventType "swiss"]
[EventRounds "9"]
[EventCountry "GER"]
[SourceTitle "CBM 131 Extra"]
[Source "ChessBase"]
[SourceDate "2009.09.03"]
[SourceVersion "2"]
[SourceVersionDate "2009.09.16"]
[SourceQuality "1"]

1. e4 c5 2. c3 g6 3. Nf3 Bg7 4. d4 Nf6 5. e5 Nd5 6. dxc5 Nc7 7. Be3 0-0 8. Bc4 Nc6 9. Bd4 b6 10. cxb6 axb6 11. 0-0 b5 12. Bb3 Bb7 13. Nbd2 Nxd4 14. cxd4 Nd5 15. Re1 Qb6 16. Ne4 Rfc8 17. Nc5 Bc6 18. Nxd7 Bxd7 19. Bxd5 Ra7 20. Ng5 e6 21. Bb3 h6 22. Ne4 Bc6 23. Qg4 Rd8 24. Rad1 Kh8 25. Nd6 Rc7 26. Re3 h5 27. Rh3 Kg8 28. Qg5 Rcd7 29. Rh4 Ba8 30. Rf4 Rf8 31. h3 Kh7 32. Bc2 Bh6 33. Rxf7+ Rdxf7 34. Qxg6+ Kh8 35. Nxf7+ Rxf7 36. Qxf7 Bg7 37. Qe8+ Bf8 38. Qxf8# 1-0